[Event "Paracin Summer op 14th"]
[Site "Paracin"]
[Date "2021.07.09"]
[Round "1"]
[White "Xilogiannis, Dimitrios"]
[Black "Martic, Ivan"]
[Result "0-1"]
[WhiteElo "2029"]
[BlackElo "2314"]
[PlyCount "67"]
[EventDate "2021.07.09"]
[EventType "swiss"]
[EventRounds "9"]
[EventCountry "SRB"]
[SourceTitle "EXT 2022"]
[Source "ChessBase"]
[SourceDate "2021.10.06"]
[SourceVersion "1"]
[SourceVersionDate "2021.10.06"]
[SourceQuality "1"]

1. d4 c5 2. d5 g6 3. Nc3 Bg7 4. e4 d6 5. Be2 Nf6 6. Nf3 0-0 7. 0-0 Bg4 8. Nd2 Bxe2 9. Qxe2 Nfd7 10. Nc4 Nb6 11. Ne3 Na6 12. a4 Nd7 13. Nc4 Nb6 14. Ne3 Nc7 15. Ra3 Nd7 16. Ng4 Nf6 17. Nh6+ Kh8 18. Bg5 Qd7 19. Nd1 Ng8 20. Qd2 f6 21. Bf4 f5 22. exf5 gxf5 23. Bg5 Nxh6 24. Bxh6 Bxh6 25. Qxh6 Nxd5 26. Rh3 e6 27. Re1 Rae8 28. Rxe6 Nf4 29. Qxf4 Rxe6 30. Ne3 d5 31. g4 Re4 32. Qh6 Rf7 33. gxf5 d4 34. Ng4 0-1

[Event "Thessaloniki Triandria op 12th"]
[Site "Thessaloniki"]
[Date "2019.04.30"]
[Round "2"]
[White "Stets, Dmitry"]
[Black "Xilogiannis, Dimitrios"]
[Result "1/2-1/2"]
[WhiteElo "2391"]
[BlackElo "2008"]
[PlyCount "136"]
[EventDate "2019.04.29"]
[EventType "swiss"]
[EventRounds "9"]
[EventCountry "GRE"]
[SourceTitle "CBM 190 Extra"]
[Source "ChessBase"]
[SourceDate "2019.07.15"]
[SourceVersion "1"]
[SourceVersionDate "2019.07.15"]
[SourceQuality "1"]

1. e4 c5 2. Nf3 e6 3. d3 Nc6 4. g3 Nge7 5. Bg2 g6 6. 0-0 Bg7 7. c3 e5 8. Be3 d6 9. d4 exd4 10. cxd4 Bg4 11. dxc5 dxc5 12. Qc1 Nd4 13. Nxd4 cxd4 14. Bh6 0-0 15. Bxg7 Kxg7 16. Qf4 Qd7 17. h3 Be6 18. Nd2 Rac8 19. Nf3 Nc6 20. Kh2 Rfd8 21. Rfd1 Qe7 22. Rd2 Rd7 23. h4 Qf6 24. Qxf6+ Kxf6 25. Ng5 h6 26. Nxe6 fxe6 27. f4 Rcd8 28. e5+ Kf7 29. Be4 Ne7 30. Kg2 Nf5 31. Kf3 Ne3 32. Rc1 Nf5 33. h5 gxh5 34. Rh1 Rg8 35. Bxf5 exf5 36. Rxh5 Kg6 37. Rdh2 Rh8 38. Ke2 d3+ 39. Kd2 b5 40. g4 fxg4 41. f5+ Kg7 42. R5h4 Rd5 43. Rxg4+ Kf7 44. Re4 Rc8 45. Kd1 Re8 46. e6+ Kf6 47. Rxh6+ Kxf5 48. Re3 Kg5 49. Rh7 a5 50. Kd2 Rd6 51. Rg7+ Kf4 52. Rf7+ Kg4 53. e7 Rd7 54. Re5 Rc8 55. e8Q Rxe8 56. Rxe8 Rxf7 57. Kxd3 Rf3+ 58. Re3 Rf2 59. Kc3 Kf4 60. Re8 b4+ 61. Kb3 a4+ 62. Kxb4 Rxb2+ 63. Ka3 Rh2 64. Ra8 Ke5 65. Rxa4 Kd5 66. Rb4 Kc5 67. Rb8 Rh6 68. Rb3 Ra6+ 1/2-1/2

[Event "Thessaloniki-Chalkidiki-chT B local"]
[Site "Thessaloniki"]
[Date "2019.03.24"]
[Round "9.1"]
[White "Theoharidis, Georgios"]
[Black "Xilogiannis, Dimitrios"]
[Result "1/2-1/2"]
[WhiteElo "1816"]
[BlackElo "2041"]
[PlyCount "23"]
[EventDate "2019.01.13"]
[EventType "team-swiss"]
[EventRounds "9"]
[EventCountry "GRE"]
[SourceTitle "EXT 2020"]
[Source "ChessBase"]
[SourceDate "2019.10.17"]
[SourceVersion "1"]
[SourceVersionDate "2019.10.17"]
[SourceQuality "1"]

1. e4 c5 2. Nf3 e6 3. c3 d5 4. exd5 Qxd5 5. d4 Nf6 6. Nbd2 Nc6 7. Bc4 Qd8 8. Nb3 cxd4 9. Nbxd4 Nxd4 10. Qxd4 Qxd4 11. Nxd4 a6 12. 0-0 1/2-1/2

[Event "Aegean op 41st"]
[Site "Aghios Kirykos"]
[Date "2018.07.20"]
[Round "6"]
[White "Pandelidis, Ioannis"]
[Black "Xilogiannis, Dimitrios"]
[Result "1/2-1/2"]
[WhiteElo "2155"]
[BlackElo "1981"]
[PlyCount "33"]
[EventDate "2018.07.16"]
[EventType "swiss"]
[EventRounds "9"]
[EventCountry "GRE"]
[SourceTitle "CBM 186 Extra"]
[Source "ChessBase"]
[SourceDate "2018.08.24"]
[SourceVersion "1"]
[SourceVersionDate "2018.08.24"]
[SourceQuality "1"]

1. e4 c5 2. Nc3 a6 3. Nge2 e6 4. d4 cxd4 5. Nxd4 Qc7 6. Bd3 Nc6 7. Nxc6 dxc6 8. 0-0 Nf6 9. f4 e5 10. f5 b5 11. Bg5 Be7 12. Bxf6 Bxf6 13. a4 Rb8 14. Kh1 0-0 15. Qe2 Rd8 16. axb5 axb5 17. Nd1 1/2-1/2

[Event "Aegean op 41st"]
[Site "Aghios Kirykos"]
[Date "2018.07.17"]
[Round "2"]
[White "Velicka, Petr"]
[Black "Xilogiannis, Dimitrios"]
[Result "1-0"]
[WhiteElo "2425"]
[BlackElo "1981"]
[PlyCount "108"]
[EventDate "2018.07.16"]
[EventType "swiss"]
[EventRounds "9"]
[EventCountry "GRE"]
[SourceTitle "CBM 186 Extra"]
[Source "ChessBase"]
[SourceDate "2018.08.24"]
[SourceVersion "1"]
[SourceVersionDate "2018.08.24"]
[SourceQuality "1"]

1. e4 c5 2. Nf3 e6 3. d4 cxd4 4. Nxd4 Nc6 5. Nb5 d6 6. c4 Nf6 7. N1c3 a6 8. Na3 b6 9. Be2 Bb7 10. Be3 Be7 11. Qb3 Nd7 12. 0-0 0-0 13. Rab1 Nc5 14. Qc2 Nb4 15. Qd2 Bf6 16. Rfd1 Be5 17. f4 Bxc3 18. Qxc3 a5 19. e5 Ne4 20. Qe1 Qb8 21. Bxb6 dxe5 22. Nb5 exf4 23. Bc7 Qc8 24. Bf3 Nc2 25. Qe2 Ne3 26. Rd4 Nf6 27. Rxf4 Bxf3 28. Qxf3 Nf5 29. Rf1 Ne8 30. Bb6 Ra6 31. Qf2 f6 32. Re1 Qc6 33. Bc5 Rf7 34. b3 Nc7 35. Rxf5 exf5 36. Nd6 Rd7 37. Nxf5 Ne6 38. Ne7+ Rxe7 39. Bxe7 a4 40. Rd1 axb3 41. axb3 Kf7 42. Bd6 Rb6 43. Rd3 Ra6 44. h3 Ng5 45. Qe3 Ne4 46. Bg3 Ra1+ 47. Kh2 h5 48. Rd5 Nxg3 49. Qxg3 Qb6 50. c5 Qe6 51. Rxh5 Qe2 52. Rh7 Qf1 53. Rxg7+ Ke6 54. Rg4 Kd5 1-0

[Event "Skopje Karposh op"]
[Site "Skopje"]
[Date "2018.03.24"]
[Round "1"]
[White "Xilogiannis, Dimitrios"]
[Black "Livaic, Leon"]
[Result "0-1"]
[WhiteElo "1966"]
[BlackElo "2468"]
[PlyCount "90"]
[EventDate "2018.03.24"]
[EventType "swiss"]
[EventRounds "9"]
[EventCountry "MKD"]
[SourceTitle "CBM 183 Extra"]
[Source "ChessBase"]
[SourceDate "2018.04.19"]
[SourceVersion "1"]
[SourceVersionDate "2018.04.19"]
[SourceQuality "1"]

1. d4 Nf6 2. Nf3 e6 3. Bf4 c5 4. e3 cxd4 5. exd4 b6 6. Bd3 Bb7 7. 0-0 Be7 8. a4 a6 9. Re1 0-0 10. h3 d6 11. Qe2 Re8 12. c3 Nbd7 13. Bg3 Bf8 14. Nbd2 Qc7 15. Nf1 g6 16. Ng5 Qc6 17. Ne3 Bh6 18. Nf3 e5 19. dxe5 dxe5 20. Bc4 Nh5 21. Ng4 Bf4 22. Red1 Bxg3 23. fxg3 Re7 24. Ng5 Nxg3 25. Qf2 Qxc4 26. Rxd7 Rxd7 27. Nf6+ Kg7 28. Nxd7 Qf4 29. Qxf4 exf4 30. Re1 h6 31. Nxb6 Rb8 32. Nd7 Rd8 33. Nc5 hxg5 34. Nxb7 Rb8 35. Nc5 Rxb2 36. Nxa6 Ne2+ 37. Kh2 Nxc3 38. Nc5 Ra2 39. Re5 f3 40. Re3 f2 41. Rf3 f5 42. Nd3 Ne4 43. a5 g4 44. hxg4 fxg4 45. Rf4 g3+ 0-1

[Event "GRE-chT 45th"]
[Site "Achaia"]
[Date "2017.07.07"]
[Round "6.16"]
[White "Koronas, Vasilios"]
[Black "Xilogiannis, Dimitrios"]
[Result "0-1"]
[WhiteElo "1764"]
[BlackElo "1911"]
[PlyCount "130"]
[EventDate "2017.07.03"]
[EventType "team-swiss"]
[EventRounds "7"]
[EventCountry "GRE"]
[SourceTitle "CBM 179 Extra"]
[Source "ChessBase"]
[SourceDate "2017.08.23"]
[SourceVersion "1"]
[SourceVersionDate "2017.08.23"]
[SourceQuality "1"]
[WhiteTeam "Volos IN"]
[BlackTeam "Triandrias Chess Intervention"]
[WhiteTeamCountry "GRE"]
[BlackTeamCountry "GRE"]

1. g3 Nf6 2. Bg2 d5 3. d3 c6 4. Nc3 e5 5. e4 Bg4 6. Nce2 Be7 7. h3 Bh5 8. g4 Bg6 9. Ng3 dxe4 10. dxe4 0-0 11. Qe2 Nfd7 12. Nf3 Na6 13. 0-0 Re8 14. Rd1 Qc7 15. h4 f6 16. h5 Bf7 17. Nf5 Bf8 18. N3h4 Nac5 19. g5 g6 20. Nh6+ Bxh6 21. gxh6 Nf8 22. Kh1 Nce6 23. Rg1 Nf4 24. Bxf4 exf4 25. Bh3 g5 26. Bf5 Kh8 27. Qg4 Rad8 28. Rg2 Nd7 29. Nf3 Ne5 30. Qh3 Nxf3 31. Qxf3 Qe5 32. Qa3 Bxh5 33. Rag1 Qe7 34. Qb3 Bf7 35. Qf3 Rd6 36. Qa3 a6 37. Kh2 Qe5 38. f3 Be6 39. Bxe6 Qxe6 40. Qb4 Rd7 41. Rd2 Kg8 42. Rgd1 Red8 43. Rd3 Kf7 44. Qa5 Rxd3 45. Rxd3 Rxd3 46. cxd3 Kg6 47. Qc7 Qf7 48. Qc8 Kxh6 49. Qf5 Qe7 50. d4 Qd6 51. d5 cxd5 52. exd5 Kg7 53. a4 a5 54. Qe4 b6 55. Kh3 Qe5 56. Qc2 Qxd5 57. Qc7+ Kg6 58. Qxb6 Qxf3+ 59. Kh2 Qg3+ 60. Kh1 f3 61. Qg1 Qxg1+ 62. Kxg1 Kf5 63. b4 axb4 64. a5 b3 65. a6 b2 0-1

[Event "GRE-chT 45th"]
[Site "Achaia"]
[Date "2017.07.05"]
[Round "4.16"]
[White "Xilogiannis, Dimitrios"]
[Black "Hararis, Georgios"]
[Result "1-0"]
[WhiteElo "1911"]
[BlackElo "1901"]
[PlyCount "95"]
[EventDate "2017.07.03"]
[EventType "team-swiss"]
[EventRounds "7"]
[EventCountry "GRE"]
[SourceTitle "CBM 179 Extra"]
[Source "ChessBase"]
[SourceDate "2017.08.23"]
[SourceVersion "1"]
[SourceVersionDate "2017.08.23"]
[SourceQuality "1"]
[WhiteTeam "Triandrias Chess Intervention"]
[BlackTeam "Filiatron CN"]
[WhiteTeamCountry "GRE"]
[BlackTeamCountry "GRE"]

1. d4 d5 2. Bf4 Nf6 3. e3 Bf5 4. c4 e6 5. Nc3 c6 6. Qb3 Qb6 7. c5 Qxb3 8. axb3 Nbd7 9. h3 h6 10. b4 g5 11. Bh2 Bg7 12. b5 Nb8 13. b6 a6 14. Nf3 0-0 15. Nd2 Nfd7 16. Bd6 Re8 17. Nb3 e5 18. Kd2 exd4 19. exd4 Nf6 20. f3 Bc8 21. Bd3 Bf8 22. Bc7 Nh5 23. Ne2 Ng7 24. g4 Be7 25. Ng3 Bd8 26. Bd6 Be7 27. Bc7 Bd8 28. Bxd8 Rxd8 29. h4 Be6 30. Na5 Rd7 31. hxg5 hxg5 32. Nh5 Ne8 33. Rh2 Kf8 34. Re1 Re7 35. Ng3 Nf6 36. Rh8+ Kg7 37. Nf5+ Kxh8 38. Nxe7 Nbd7 39. Nxb7 Nxb6 40. cxb6 Nd7 41. Nc5 Nxb6 42. Nxe6 fxe6 43. Rxe6 Na4 44. b3 Nb6 45. Rxc6 Nd7 46. Rh6+ Kg7 47. Rh7+ Kf6 48. Nxd5+ 1-0

[Event "GRE-chT 45th"]
[Site "Achaia"]
[Date "2017.07.04"]
[Round "2.15"]
[White "Giannoulakis, Labros"]
[Black "Xilogiannis, Dimitrios"]
[Result "1-0"]
[WhiteElo "2355"]
[BlackElo "1911"]
[PlyCount "111"]
[EventDate "2017.07.03"]
[EventType "team-swiss"]
[EventRounds "7"]
[EventCountry "GRE"]
[SourceTitle "CBM 179 Extra"]
[Source "ChessBase"]
[SourceDate "2017.08.23"]
[SourceVersion "1"]
[SourceVersionDate "2017.08.23"]
[SourceQuality "1"]
[WhiteTeam "Sykeon Neapolis"]
[BlackTeam "Triandrias Chess Intervention"]
[WhiteTeamCountry "GRE"]
[BlackTeamCountry "GRE"]

1. d4 Nf6 2. c4 e6 3. Nc3 Bb4 4. e3 0-0 5. Bd3 c5 6. Nf3 Bxc3+ 7. bxc3 d6 8. 0-0 Nc6 9. e4 e5 10. d5 Ne7 11. Nh4 Ng6 12. Nf5 Re8 13. f3 Nf4 14. Bc2 Bxf5 15. exf5 Qa5 16. Bd2 Nd7 17. g3 Nh5 18. Qe2 Qa6 19. Rfb1 Nhf6 20. Rb5 Re7 21. a4 Ne8 22. a5 Nc7 23. Qf1 e4 24. fxe4 Ne5 25. f6 Ree8 26. Ba4 b6 27. Rbb1 bxa5 28. Bxe8 Rxe8 29. Bf4 Ng6 30. Re1 a4 31. Ra3 Nxf4 32. Qxf4 Re5 33. fxg7 Qxc4 34. Rf1 Re7 35. e5 Qxf4 36. gxf4 Nxd5 37. exd6 Rd7 38. Rxa4 Rxd6 39. f5 Kxg7 40. Rd1 Rd7 41. Ra5 Nb6 42. Rxd7 Nxd7 43. Rxa7 Nf6 44. Ra4 Kh6 45. Rc4 Nd7 46. Rh4+ Kg7 47. Kf2 Ne5 48. Ke3 f6 49. Ke4 c4 50. Kd5 Nf3 51. Rxc4 Nxh2 52. Re4 Nf3 53. c4 h5 54. c5 h4 55. c6 h3 56. c7 1-0

[Event "GRE-chT 45th"]
[Site "Achaia"]
[Date "2017.07.03"]
[Round "1.15"]
[White "Xilogiannis, Dimitrios"]
[Black "Stojanovski, Dejan"]
[Result "0-1"]
[WhiteElo "1911"]
[BlackElo "2453"]
[PlyCount "114"]
[EventDate "2017.07.03"]
[EventType "team-swiss"]
[EventRounds "7"]
[EventCountry "GRE"]
[SourceTitle "CBM 179 Extra"]
[Source "ChessBase"]
[SourceDate "2017.08.23"]
[SourceVersion "1"]
[SourceVersionDate "2017.08.23"]
[SourceQuality "1"]
[WhiteTeam "Triandrias Chess Intervention"]
[BlackTeam "Orekastro Marion Thunder"]
[WhiteTeamCountry "GRE"]
[BlackTeamCountry "GRE"]

1. d4 Nf6 2. Nc3 d5 3. Bf4 c6 4. e3 Bf5 5. f3 h5 6. Bd3 Bxd3 7. Qxd3 e6 8. Nge2 Nbd7 9. 0-0 Be7 10. a4 h4 11. e4 Nh5 12. Be3 Qc7 13. Qd2 Bd6 14. e5 Be7 15. Nf4 Nxf4 16. Bxf4 a6 17. Ne2 c5 18. c3 Rc8 19. Bg5 Nb8 20. Bxe7 Qxe7 21. Qe3 cxd4 22. Nxd4 Nc6 23. Nxc6 Rxc6 24. Rfd1 Rc4 25. Rd4 Qc5 26. Kf2 Rxd4 27. Qxd4 Qc7 28. Re1 b5 29. axb5 axb5 30. Qg4 Qc5+ 31. Qd4 Qc4 32. Qxc4 bxc4 33. b4 cxb3 34. Rb1 Rh5 35. Rxb3 Rxe5 36. Rb8+ Ke7 37. Rh8 g5 38. Rh5 Kd6 39. f4 Rf5 40. Rxg5 Rxf4+ 41. Ke3 Rc4 42. Kd3 f5 43. Rh5 Rg4 44. Rh7 f4 45. Rh6 Rxg2 46. Rxh4 e5 47. c4 dxc4+ 48. Kxc4 Ke6 49. Kd3 Kd5 50. Rh5 Ra2 51. h4 Ra3+ 52. Ke2 Ke4 53. Rg5 Ra2+ 54. Ke1 Rh2 55. h5 f3 56. Kf1 Kf4 57. Rg8 Rxh5 0-1

[Event "Thessaloniki Triandria op 10th"]
[Site "Thessaloniki"]
[Date "2017.04.18"]
[Round "2"]
[White "Xilogiannis, Dimitrios"]
[Black "Giannoulakis, Labros"]
[Result "0-1"]
[WhiteElo "1924"]
[BlackElo "2335"]
[PlyCount "66"]
[EventDate "2017.04.17"]
[EventType "swiss"]
[EventRounds "9"]
[EventCountry "GRE"]
[SourceTitle "CBM 178 Extra"]
[Source "ChessBase"]
[SourceDate "2017.06.22"]
[SourceVersion "1"]
[SourceVersionDate "2017.06.22"]
[SourceQuality "1"]

1. d4 Nf6 2. Nf3 g6 3. c4 Bg7 4. Nc3 0-0 5. Bg5 c5 6. e3 d6 7. d5 b5 8. cxb5 a6 9. Nd2 h6 10. Bh4 axb5 11. Bxb5 Ba6 12. Bxa6 Nxa6 13. 0-0 Qb8 14. Nc4 Nc7 15. a4 Qb7 16. e4 Qa6 17. Ne3 Rfb8 18. Qd2 h5 19. f4 Rb4 20. Qc2 Rab8 21. Ra2 Qb7 22. Ned1 Na6 23. Bxf6 Bxf6 24. e5 dxe5 25. f5 Kg7 26. Qe2 Rf4 27. Ne3 Nb4 28. Raa1 Na6 29. Nc4 Nc7 30. Nxe5 Rxf1+ 31. Rxf1 Qxb2 32. Qe3 Rb3 33. Rc1 Nxd5 0-1

[Event "Mem Stavros Psomiadis"]
[Site "Thessaloniki"]
[Date "2016.11.28"]
[Round "3.7"]
[White "Xilogiannis, Dimitrios"]
[Black "Filippou, Sotirios"]
[Result "1-0"]
[WhiteElo "1902"]
[BlackElo "1255"]
[PlyCount "79"]
[EventDate "2016.11.14"]
[EventType "swiss"]
[EventRounds "6"]
[EventCountry "GRE"]
[SourceTitle "EXT 2024"]
[Source "ChessBase"]
[SourceDate "2023.10.10"]
[SourceVersion "1"]
[SourceVersionDate "2023.10.10"]
[SourceQuality "1"]

1. d4 d5 2. c4 e6 3. Nf3 Nf6 4. g3 c6 5. Bg2 Bb4+ 6. Bd2 Qe7 7. a3 Bxd2+ 8. Nbxd2 Nbd7 9. 0-0 0-0 10. Qc2 Re8 11. e4 dxe4 12. Nxe4 Nxe4 13. Qxe4 Nf6 14. Qe2 c5 15. dxc5 Qxc5 16. Ne5 Rb8 17. Rfd1 Qc7 18. Rd2 Nd7 19. Ng4 b6 20. Rad1 f5 21. Ne3 Nf6 22. Rd6 Qf7 23. Bc6 Rf8 24. Ng2 Ne4 25. Rd8 Bb7 26. R8d7 Bxc6 27. Rxf7 Kxf7 28. Ne1 Rfe8 29. f3 Ng5 30. h4 Ne4 31. fxe4 Bxe4 32. Rd7+ Re7 33. Qd2 Rc8 34. Qd6 Rce8 35. Kf2 Rxd7 36. Qxd7+ Re7 37. Qd6 Rb7 38. Nf3 Kf6 39. Ng5 g6 40. Qxe6+ 1-0

[Event "Heraklion Gazi op 11th"]
[Site "Heraklion"]
[Date "2015.07.26"]
[Round "2"]
[White "Tselos, Aristotelis"]
[Black "Xilogiannis, Dimitrios"]
[Result "0-1"]
[WhiteElo "1361"]
[BlackElo "1823"]
[PlyCount "54"]
[EventDate "2015.07.25"]
[EventType "swiss"]
[EventRounds "9"]
[EventCountry "GRE"]
[SourceTitle "CBM 167 Extra"]
[Source "ChessBase"]
[SourceDate "2015.09.14"]
[SourceVersion "1"]
[SourceVersionDate "2015.09.14"]
[SourceQuality "1"]

1. e4 c5 2. Nf3 e6 3. d4 cxd4 4. Nxd4 Nc6 5. Bc4 a6 6. 0-0 Qc7 7. Bb3 Nf6 8. Nc3 b5 9. a3 Bb7 10. Kh1 Rc8 11. f4 Nxd4 12. Qxd4 Bc5 13. Qd3 Qc6 14. Re1 Ng4 15. Nd1 0-0 16. Ba2 f5 17. Qh3 Kh8 18. e5 Qb6 19. Qd3 Be4 20. Qxd7 Bb4 21. c3 Rcd8 22. Qxe6 Rxd1 23. Be3 Qxe3 24. Raxd1 Nf2+ 25. Kg1 Nh3+ 26. Kh1 Qg1+ 27. Rxg1 Nf2# 0-1